000 01773nam a22002657a 4500
001 8939
003 FISKH
005 20251110162115.0
008 251110b cb ||||| |||| 00| 0 eng d
020 _a9781338060676
040 _aFISKH
_beng
_cFISKH
_dFISKH
050 _aN5333.M348
082 _a930
100 _aMcHugh, Arianne
_eAuthor
245 _aSeven wonders of the ancient world /
_cArianne McHugh
260 _aNew York :
_bScholastic ,
_c2015
300 _a52 pages :
_bcolor illustrations ;
_c21 cm
505 _aC
520 _aThemes: Seven Ancient Wonders Of The World, History, Great Pyramids at Giza, Statue of Zeus at Olympia, Temple of Artemis, Hanging Gardens of Babylon, Lighthouse of Alexandria, Colossus at Rhodes, Mausoleum of Halicarnassus, Nonfiction, Tween, Emergent Reader, Chapter Book, Hi-Lo, Hi-Lo Books, Hi-Lo Solutions, High-Low Books, Hi-Low Books, ELL, EL, ESL, Struggling Learner, Struggling Reader, Special Education, SPED, Newcomers, Reading, Learning, Education, Educational, Educational Books. Only one of the seven wonders of the ancient world--the pyramids of Giza--remain relatively intact, but through ancient texts and legends, the other six wonders come to life. Engage your most struggling readers in grades 4-7 with Red Rhino Nonfiction! This new series features high-interest topics in every content area. Visually appealing full-color photographs and illustrations, fun facts, and short chapters keep emerging readers focused. Written at a 1.5-1.9 readability level, these books include pre-reading comprehension questions and a 20-word glossary for comprehension support.
521 8 _a110
_bLexile
521 8 _aC
_bRaz-Plus
650 _aNon-fiction
_vPyramids
942 _2ddc
_cBK
_n0
999 _c8939
_d8939